Géographie de la France par lettre - J - Statistiques

Statistiques générales
  • Ce quiz a été pris 423 fois
  • Le résultat moyen est 5 sur 12
Statistiques - réponses
Hint Réponse % Correct
Massif montagneux et département Jura
100%
Période géologique dont le nom vient du massif ci dessus Jurassique
86%
Terre de culture laissée au repos pendant une saison pour lui permettre de se régénérer Jachère
54%
Il est japonais à Boulogne Billancourt ou à la française à Villandry : Jardin
41%
Vin blanc d'appellation d'origine contrôlée (AOC) du sud-ouest de la France. Son vignoble est situé en Béarn, dans les Pyrénées-Atlantiques entre les villes d'Oloron-Sainte-Marie et de Pau (et n'a aucun lien avec les précédents) Jurançon
41%
Ville d'Indre et Loire, 2ème plus peuplée du département, dans la banlieue de Tours Joué-lès-Tours
33%
Ville de naissance de François Mitterrand et célèbre coup ! Jarnac
29%
Commune des Yvelines, au sud de Versailles, château devenu le siège de l'école HEC Paris, célèbre pour sa toile (voir photo), peut également être source de jeux de mots... Jouy-en-Josas
29%
Commune située dans le département du Val-de-Marne, célèbre pour ces guinguettes et célébré dans une chanson interprété par Bourvil en 1952 Joinville-le-Pont
22%
Ile sur la Seine partagée entre les communes de Neuilly-sur-Seine et Levallois-Perret, Ile de la ... Jatte
13%
Musée parisien spécialisé dans les beaux-arts installé dans l'ancien hôtel particulier du couple fondateur dont les deux noms accolés lui ont donné son nom. Jacquemart-André
8%
Boulevard parisien, faisant partie des boulevard dit des "Maréchaux" situé dans le 14ème arrondissement, nommé d'après un maréchal d'Empire, vainqueur de Fleurus, prénommé Jean-Baptiste Jourdan
5%
Aucun quiz correspondant
Distribution des résultats
% des personnes avec chaque résultat
Percentile par nombre de réponses
Votre historique - résultats
Vous n’avez pas pris ce quiz